000 00516nam a2200205 a 4500
001 22817
005 20180713220757.0
008 140415s1977 sp 000 0 spa d
020 _a8420501174
041 _aspa
082 _a541.363
_bFER
100 1 _aFERGUSON, F. D.
245 1 3 _aLA REGLA DE LAS FASES
250 _a1a ed.
260 _aESPAÑA :
_bALHAMBRA,
_c1977
300 _a137
490 _aEXEDRA
_v38
650 1 4 _aREGLA DE FASES Y EQUILIBRIO
700 1 _aJONES, T. K.
_ecoaut.
999 _c22817
_d22817